000 00718nam a2200229Ia 4500
005 20250108125042.0
008 008 250107s9999 xx 000 0 eng d
020 _a978-81-291-1395-5
037 _aREF
040 _aCRL
_beng
_cCRL
041 _aeng
_2eng
084 _aV2:91.N91g P0 (RR)
084 _qCRL
100 _aBhatnagar Anupama [...et al] Ed.
_9730346
245 0 _aMy dear fellow citizens
_cBhatnagar Anupama [...et al] Ed.
260 _aDelhi, India
_bMinistry of Information and Broadcasting
_c3162
300 _axi,233p.
365 _aINR
_b550
650 _aINDIA - HISTORYMODI, NARENDRA DAMODAR
_9730347
942 _cREF
_hV2:91.N91g P0 (RR)
999 _c1235550
_d1235550